[Event "ICS rated bullet match"]
[Site "204.178.125.65"]
[Date "1999.10.22"]
[Round "?"]
[White "Hossa"]
[Black "Varguz"]
[Result "0-1"]
[WhiteElo "2431"]
[BlackElo "2676"]
[PlyCount "70"]
[EventDate "1999.??.??"]

1. Nf3 d5 2. c4 d4 3. g3 Nc6 4. Qa4 Bd7 5. Bg2 e5 6. Qb5 a6 7. Qb3 e4 8. Ng1
Nf6 9. d3 Na5 10. Qd1 exd3 11. exd3 Bb4+ 12. Bd2 Bxd2+ 13. Nxd2 O-O 14. Ne2 c5
15. b4 cxb4 16. Nf3 Nc6 17. Nfxd4 Nxd4 18. Nxd4 Re8+ 19. Ne2 Qe7 20. d4 Rac8
21. Rc1 Bg4 22. f3 Be6 23. Rc2 Bxc4 24. Bf1 Nd5 25. Qd2 Bxe2 26. Bxe2 Rxc2 27.
Qxc2 Nc3 28. O-O Nxe2+ 29. Kg2 Nxd4 30. Qd2 Qf6 31. Qxb4 Re2+ 32. Kh1 Nxf3 33.
Qh4 Nxh4 34. Rf4 Re1+ 35. Rf1 35... Rxf1# {Hossa checkmated} 0-1

[Event "ICS rated bullet match"]
[Site "204.178.125.65"]
[Date "1999.10.22"]
[Round "?"]
[White "Varguz"]
[Black "Hossa"]
[Result "1-0"]
[WhiteElo "2682"]
[BlackElo "2425"]
[PlyCount "97"]
[EventDate "1999.??.??"]

1. d4 Nf6 2. Bg5 d5 3. Bxf6 exf6 4. e3 Be7 5. Bd3 c5 6. dxc5 Bxc5 7. Nf3 O-O 8.
Nc3 Bb4 9. O-O Be6 10. Nb5 Nc6 11. c3 Bc5 12. Qc2 g6 13. Nbd4 Ne5 14. Nxe5 fxe5
15. Nxe6 fxe6 16. Bxg6 Qh4 17. Bd3 e4 18. Be2 Bd6 19. g3 Qg5 20. Qa4 Qg7 21.
Rad1 Bc5 22. b4 Bb6 23. c4 Rf5 24. c5 Bc7 25. a3 Qf7 26. c6 Bb6 27. cxb7 Qxb7
28. Bg4 Rf6 29. Rc1 e5 30. Rfd1 Raf8 31. Rd2 Qf7 32. Qc2 a6 33. Rcd1 Rd6 34. a4
Qg6 35. Be2 a5 36. bxa5 Bxa5 37. Rxd5 Rxd5 38. Rxd5 Be1 39. Rxe5 Bxf2+ 40. Kh1
Qf6 41. Qxe4 Qg7 42. Re7 Qa1+ 43. Kg2 Rf7 44. Re8+ Rf8 45. Qd5+ Kh8 46. Rxf8+
Kg7 47. Qf7+ Kh6 48. Qe6+ Qf6 49. Qxf6# {Hossa checkmated} 1-0

[Event "ICS rated bullet match"]
[Site "204.178.125.65"]
[Date "1999.10.22"]
[Round "?"]
[White "Hossa"]
[Black "Varguz"]
[Result "0-1"]
[WhiteElo "2419"]
[BlackElo "2688"]
[PlyCount "138"]
[EventDate "1999.??.??"]

1. d4 Nf6 2. Bg5 e6 3. e4 h6 4. Bxf6 Qxf6 5. Nf3 d6 6. Nbd2 Nd7 7. Bb5 c6 8.
Bd3 e5 9. c3 Be7 10. O-O O-O 11. Qe2 Nb6 12. Qe3 c5 13. Rac1 Bg4 14. Rfe1 Rac8
15. Be2 cxd4 16. cxd4 exd4 17. Qxd4 Qxd4 18. Nxd4 Bxe2 19. Nxe2 Bf6 20. b3 Bb2
21. Rxc8 Rxc8 22. a4 Rc2 23. Nf1 Bf6 24. Ne3 Rb2 25. a5 Nd7 26. Nc4 Rxb3 27.
Rd1 Nc5 28. Nxd6 Ra3 29. e5 Bxe5 30. Nc4 Rd3 31. Rxd3 Nxd3 32. Kf1 Bc7 33. Nc3
Ne5 34. Nxe5 Bxe5 35. Nd5 Bd4 36. h3 b5 37. axb6 Bxb6 38. f4 Bc5 39. Ke2 a5 40.
Nc3 f5 41. Nd5 a4 42. g4 a3 43. Nc3 g6 44. Kd3 fxg4 45. hxg4 h5 46. gxh5 gxh5
47. Kc4 h4 48. Kb3 h3 49. Ne4 h2 50. Ng3 Bd6 51. Nh1 Bxf4 52. Kxa3 Kf7 53. Kb3
Ke6 54. Kc3 Kf5 55. Kd3 Kg4 56. Ke2 Bg3 57. Ke3 Kh3 58. Kf3 Bh4 59. Kf4 Kg2 60.
Kg4 Bf2 61. Kf4 Kxh1 62. Kg4 Bc5 63. Kh3 Kg1 64. Kh4 h1=Q+ 65. Kg5 Qf3 66. Kg6
Be7 67. Kh6 Qg3 68. Kh7 Bf8 69. Kh8 69... Qg7# {Hossa checkmated} 0-1

[Event "ICS rated bullet match"]
[Site "204.178.125.65"]
[Date "1999.10.22"]
[Round "?"]
[White "Varguz"]
[Black "Hossa"]
[Result "1-0"]
[WhiteElo "2694"]
[BlackElo "2413"]
[PlyCount "77"]
[EventDate "1999.??.??"]

1. e4 d6 2. d4 Nf6 3. Bd3 e5 4. Nf3 exd4 5. Nxd4 Be7 6. O-O Nc6 7. Nxc6 bxc6 8.
Be3 O-O 9. c4 Be6 10. Nc3 Ng4 11. Bf4 Bf6 12. Qd2 Ne5 13. b3 Nxd3 14. Qxd3 Re8
15. Rad1 Qe7 16. f3 Rab8 17. Rf2 Bh4 18. Rfd2 Qf6 19. Qe3 Rb7 20. c5 dxc5 21.
g3 Qg6 22. Qxc5 Bh3 23. Kh1 Bf6 24. Qxc6 Rbb8 25. Nd5 Rbc8 26. e5 Bxe5 27. Ne7+
Kh8 28. Qxe8+ Rxe8 29. Rd8 Bg2+ 30. Kxg2 Qc2+ 31. Kh3 h5 32. Rxe8+ Kh7 33. Rdd8
g5 34. Bxe5 g4+ 35. Kh4 Qxh2+ 36. Kg5 Qh4+ 37. gxh4 f6+ 38. Bxf6 gxf3 39. Rh8#
{Hossa checkmated} 1-0

[Event "ICS rated blitz match"]
[Site "204.178.125.65"]
[Date "1999.10.22"]
[Round "?"]
[White "Secret"]
[Black "Hossa"]
[Result "1-0"]
[WhiteElo "2708"]
[BlackElo "2472"]
[PlyCount "122"]
[EventDate "1999.??.??"]

1. Nf3 c5 2. g3 d5 3. Bg2 Nc6 4. O-O Nf6 5. d3 Bf5 6. Nc3 e5 7. Bg5 Be7 8. Bxf6
gxf6 9. e4 dxe4 10. dxe4 Qxd1 11. Rfxd1 Bg4 12. Nd5 O-O-O 13. c3 Rhg8 14. Rd2
Rd7 15. Nh4 Bf8 16. Bf3 Be6 17. Rdd1 Bg7 18. Rac1 Ne7 19. Rb1 Kb8 20. Kg2 Nc8
21. b4 c4 22. a4 Nb6 23. Nxb6 axb6 24. Be2 Rgd8 25. Rxd7 Rxd7 26. Nf5 Bxf5 27.
exf5 Rc7 28. Rd1 Ka7 29. Rd6 Bh6 30. Bh5 Bg7 31. Kf3 Re7 32. Ke4 Rc7 33. Kd5
Bh8 34. Be2 Bg7 35. Bxc4 Bf8 36. Rxf6 e4 37. Bb5 Bg7 38. Rd6 Bxc3 39. Kxe4 h5
40. Rd7 Rxd7 41. Bxd7 Bxb4 42. Be8 f6 43. Bxh5 Bc5 44. f4 Ka6 45. g4 Ka5 46.
Be8 Be7 47. h4 Kb4 48. Kd5 b5 49. Bxb5 Bc5 50. h5 Bf8 51. g5 Be7 52. Ke6 Bc5
53. h6 fxg5 54. fxg5 Be3 55. h7 Bxg5 56. h8=Q Kb3 57. Qh3+ Kc2 58. f6 Bd2 59.
Bc4 Kc1 60. Qa3+ Kd1 61. Qb3+ 61... Ke1 {Hossa resigns} 1-0

[Event "ICS rated blitz match"]
[Site "204.178.125.65"]
[Date "1999.10.22"]
[Round "?"]
[White "Hossa"]
[Black "Skeletor"]
[Result "0-1"]
[WhiteElo "2465"]
[BlackElo "2659"]
[PlyCount "110"]
[EventDate "1999.??.??"]

1. Nf3 d5 2. d3 Nf6 3. c3 e6 4. Bg5 Be7 5. d4 O-O 6. e3 c5 7. Bd3 cxd4 8. cxd4
h6 9. Bf4 Nc6 10. Nc3 Nh5 11. Bg3 Nxg3 12. hxg3 Qb6 13. Bb5 Bd7 14. O-O Rac8
15. Qe2 Bb4 16. Rac1 a6 17. Bxc6 Bxc6 18. Ne5 Bxc3 19. bxc3 Bb5 20. c4 dxc4 21.
Rc3 Rc7 22. Rfc1 Qd6 23. Nxc4 Qd5 24. Qd3 e5 25. a4 Bc6 26. f3 exd4 27. Nb6 Qd6
28. g4 Rd8 29. Rc4 dxe3 30. Qxe3 Re7 31. Qf2 Rde8 32. R4c2 Qb4 33. Rf1 Re3 34.
Rb2 Qf4 35. Rfb1 R8e7 36. Rd2 R3e6 37. a5 Re8 38. Rc2 Qg5 39. Ra1 Qe5 40. Rb2
Qc3 41. Qd2 Qc5+ 42. Kh1 Bb5 43. Rc2 Qe7 44. Qf2 Qg5 45. Qg3 Bc6 46. f4 Qd8 47.
Qf2 Qd3 48. Qc5 Qh3+ 49. Kg1 Re1+ 50. Rxe1 Rxe1+ 51. Kf2 Qh4+ 52. g3 Qh1 53.
Qf8+ Kh7 54. Qxg7+ Kxg7 55. Rb2 55... Qf1# {Hossa checkmated} 0-1

[Event "ICS rated blitz match"]
[Site "204.178.125.65"]
[Date "1999.10.22"]
[Round "?"]
[White "Hossa"]
[Black "Secret"]
[Result "1-0"]
[WhiteElo "2426"]
[BlackElo "2720"]
[PlyCount "145"]
[EventDate "1999.??.??"]

1. d4 d5 2. c4 e5 3. dxe5 d4 4. Nf3 Nc6 5. g3 Bg4 6. Nbd2 Qd7 7. Bg2 O-O-O 8.
O-O h5 9. Nb3 Bxf3 10. Bxf3 Nxe5 11. Bd5 c6 12. Qxd4 Ng6 13. Bg5 Be7 14. Bxe7
N8xe7 15. Qxa7 cxd5 16. cxd5 Qb5 17. e4 Ne5 18. Rac1+ Kd7 19. Nc5+ Ke8 20. Nxb7
Qd7 21. Qb6 Ra8 22. f4 Rh6 23. d6 Nc8 24. Qd4 Nxd6 25. Nc5 Qd8 26. Qxe5+ Kf8
27. Qg5 Qb6 28. Qd5 Qa7 29. a4 h4 30. gxh4 Rb8 31. Rf2 Rg6+ 32. Kh1 Ne8 33. Qd7
Qa5 34. Qd2 Qxd2 35. Rxd2 Ke7 36. Rd7+ Kf8 37. b3 Rg4 38. f5 Rxh4 39. e5 Rh3
40. e6 fxe6 41. fxe6 Kg8 42. e7 Kf7 43. Rf1+ Nf6 44. e8=Q+ Kxe8 45. Rxg7 Rb6
46. Re1+ Kd8 47. Rf7 Rh6 48. Ree7 Rh5 49. Nb7+ Rxb7 50. Rxb7 Kc8 51. Ra7 Kb8
52. Rae7 Rc5 53. Rxf6 Rc1+ 54. Kg2 Rc8 55. Rff7 Rd8 56. Rb7+ Ka8 57. Ra7+ Kb8
58. Rfb7+ Kc8 59. Ra8+ Kxb7 60. Rxd8 Kc6 61. Kf2 Kb7 62. Kf3 Kc6 63. Ke4 Kc7
64. Rd5 Kb6 65. Kd4 Kc6 66. Kc4 Kb6 67. Rd6+ Kb7 68. Kb5 Kc7 69. Rd5 Kb7 70.
Rc5 Ka8 71. Ka6 Kb8 72. b4 Ka8 73. Rc8# {Secret checkmated} 1-0

[Event "ICS rated blitz match"]
[Site "204.178.125.65"]
[Date "1999.10.22"]
[Round "?"]
[White "Hossa"]
[Black "SeminoleFan"]
[Result "1-0"]
[WhiteElo "2453"]
[BlackElo "2217"]
[PlyCount "73"]
[EventDate "1999.??.??"]

1. d4 d5 2. c4 e6 3. Nc3 Bb4 4. a3 Bxc3+ 5. bxc3 Nf6 6. e3 O-O 7. Bd3 Ne4 8.
Ne2 Nc6 9. O-O Na5 10. cxd5 Qxd5 11. f3 Nd6 12. e4 Qb3 13. Bc2 Qc4 14. Bg5 f6
15. Bf4 Nf7 16. Bd3 Qc6 17. Qb1 Qb6 18. Qxb6 axb6 19. Bxc7 Nb3 20. Ra2 b5 21.
Rb1 e5 22. Rxb3 exd4 23. cxd4 Be6 24. d5 Bd7 25. Bxb5 Bxb5 26. Rxb5 Rfc8 27.
Rxb7 Nd8 28. Bxd8 Rxd8 29. Nd4 Rdc8 30. Nc6 Ra6 31. Ne7+ Kf7 32. Nxc8+ Kg6 33.
Ra7 Rd6 34. Nxd6 Kg5 35. Nf7+ Kf4 36. Kf2 f5 37. g3# {SeminoleFan checkmated}
1-0

[Event "ICS Rated blitz match"]
[Site "204.178.125.65"]
[Date "1999.10.22"]
[Round "?"]
[White "MissSilicon"]
[Black "Hossa"]
[Result "1-0"]
[WhiteElo "2731"]
[BlackElo "2454"]
[PlyCount "102"]
[EventDate "1999.??.??"]

1. d4 Nf6 2. c4 e6 3. Nc3 Bb4 4. e3 O-O 5. Nge2 d5 6. a3 Bd6 7. c5 Be7 8. Nf4
b6 9. cxb6 axb6 10. Be2 Ba6 11. Bxa6 Rxa6 12. O-O c5 13. Qd3 Bd6 14. Rd1 Bxf4
15. exf4 cxd4 16. Ne2 Ne4 17. Nxd4 Qh4 18. Be3 Nc5 19. Qb5 Rc8 20. Rac1 Qe7 21.
b4 Ra8 22. Nb3 Qe8 23. Qxe8+ Rxe8 24. bxc5 Rxa3 25. Rd3 bxc5 26. Nxc5 Ra2 27.
f5 Na6 28. Nxa6 Rxa6 29. Kf1 Ra2 30. Rd4 Rf8 31. Re1 Rb8 32. Bf4 Rbb2 33. Bg3
Ra5 34. fxe6 fxe6 35. Rxe6 Kf7 36. Re2 Rb1+ 37. Re1 Rxe1+ 38. Kxe1 Ke6 39. Rg4
Ra7 40. Ke2 Re7 41. Kd3 Rb7 42. Rg5 g6 43. Re5+ Kd6 44. Re2+ Kd7 45. Kd4 Rb1
46. Kxd5 Rg1 47. Rd2 Rb1 48. Be5 h5 49. Rd4 Rg1 50. Ke4+ Ke7 51. Kf3 51... Re1
{Hossa resigns} 1-0

[Event "ICS rated blitz match"]
[Site "204.178.125.65"]
[Date "1999.10.22"]
[Round "?"]
[White "Hossa"]
[Black "BugChess"]
[Result "1/2-1/2"]
[WhiteElo "2449"]
[BlackElo "2253"]
[PlyCount "123"]
[EventDate "1999.??.??"]

1. d4 e6 2. Nf3 Nf6 3. e3 b6 4. Bd3 Bb7 5. O-O Be7 6. c4 O-O 7. Nc3 d5 8. cxd5
exd5 9. b3 Nbd7 10. a4 Nb8 11. Ba3 Bxa3 12. Rxa3 c5 13. a5 cxd4 14. Nxd4 bxa5
15. Qc2 Nc6 16. Nxc6 Bxc6 17. Ne2 Rc8 18. Qc5 Ng4 19. Nf4 g5 20. Nh5 Qc7 21.
Ng3 Ne5 22. Bf5 Rb8 23. Nh5 Qd8 24. Qxa7 Bb5 25. Rfa1 Be2 26. Ng3 Nc6 27. Qc5
Bb5 28. Rd1 Nb4 29. e4 Nd3 30. Qxd5 Re8 31. Bxh7+ Kh8 32. Qf5 Re5 33. Qxf7 Re7
34. Qf6+ Kxh7 35. Qxg5 Qf8 36. Nf5 Rxe4 37. Rxa5 Qf7 38. Qh6+ Kg8 39. Qd6 Rbe8
40. Qg3+ Kf8 41. Ne3 Qxb3 42. Qd6+ Kf7 43. Rf1 Ra4 44. Rxa4 Qxa4 45. Qd5+ Kf8
46. Qf5+ Kg8 47. Qg6+ Kh8 48. Nf5 Qa7 49. Qh6+ Kg8 50. Qg5+ Kh8 51. Qh4+ Kg8
52. Nh6+ Kg7 53. Qg5+ Kh7 54. Ng4 Re6 55. Qf5+ Rg6 56. Qxb5 Qd4 57. Qh5+ Kg7
58. Ne3 Nf4 59. Nf5+ Kf8 60. Qxg6 Nh3+ 61. gxh3 Qxf2+ 62. Kxf2 {
BugChess stalemated} 1/2-1/2

[Event "ICS Rated blitz match"]
[Site "204.178.125.65"]
[Date "1999.10.22"]
[Round "?"]
[White "MaroonBell"]
[Black "Hossa"]
[Result "1-0"]
[WhiteElo "2815"]
[BlackElo "2441"]
[PlyCount "77"]
[EventDate "1999.??.??"]

1. e4 e5 2. Nf3 Nc6 3. Bc4 Bc5 4. c3 Nf6 5. d3 d6 6. O-O O-O 7. Bb3 Bg4 8. Nbd2
d5 9. h3 Be6 10. Ng5 Qd6 11. Nxe6 Qxe6 12. exd5 Nxd5 13. Re1 Rad8 14. d4 Bb6
15. Nf3 e4 16. Ng5 Qf5 17. Bc2 Nf6 18. Nxe4 Rfe8 19. Nxf6+ Qxf6 20. Be4 h6 21.
Qg4 Re7 22. Bd2 Rde8 23. Bd5 Ne5 24. Rxe5 Rxe5 25. dxe5 Qxf2+ 26. Kh1 Rxe5 27.
Qc8+ Kh7 28. Qd7 Be3 29. Bxe3 Rxe3 30. Qxc7 Qxb2 31. Rf1 f5 32. Qc8 Qc2 33. Bf7
Rxh3+ 34. Kg1 Qxg2+ 35. Kxg2 h5 36. Qg8+ Kh6 37. Qh8+ Kg5 38. Qxg7+ Kh4 39.
Rf4# {Hossa checkmated} 1-0

[Event "ICS rated blitz match"]
[Site "204.178.125.65"]
[Date "1999.10.22"]
[Round "?"]
[White "Hossa"]
[Black "MaroonBell"]
[Result "1/2-1/2"]
[WhiteElo "2438"]
[BlackElo "2818"]
[PlyCount "131"]
[EventDate "1999.??.??"]

1. Nf3 Nf6 2. c4 e6 3. Nc3 c5 4. e4 Nc6 5. Be2 d5 6. cxd5 exd5 7. exd5 Nxd5 8.
Nxd5 Qxd5 9. O-O Be7 10. b3 O-O 11. Bb2 Be6 12. Re1 Rae8 13. Bc4 Qf5 14. Bxe6
fxe6 15. Rc1 Nb4 16. Re3 Nd3 17. Rb1 Bf6 18. Bxf6 Rxf6 19. a3 Ref8 20. Qc2 Rd8
21. Rf1 Qd5 22. Qc3 b6 23. b4 cxb4 24. axb4 a5 25. bxa5 bxa5 26. Ra1 Rf5 27.
Qc7 Rd6 28. Rxa5 Qc6 29. Qxc6 Rxc6 30. Ra8+ Rf8 31. Rxf8+ Kxf8 32. g3 Rd6 33.
Ng5 Nc5 34. Nxh7+ Kg8 35. Ng5 Rxd2 36. Nxe6 Nxe6 37. Rxe6 Kf7 38. Re4 Kf6 39.
h4 Kf5 40. f3 Kf6 41. Kf1 g6 42. Re2 Rd3 43. Kf2 Rc3 44. g4 Rc1 45. Kg2 Rc5 46.
Kg3 Kg7 47. Rh2 Kh6 48. h5 g5 49. Re2 Rc6 50. Re4 Rc1 51. f4 Rc3+ 52. Kg2 gxf4
53. Rxf4 Kg5 54. Rf3 Rc4 55. Rg3 Kh4 56. Kh2 Rc2+ 57. Rg2 Rc7 58. Kg1 Kh3 59.
Kh1 Rc1+ 60. Rg1 Rc2 61. Rf1 Rh2+ 62. Kg1 Rg2+ 63. Kh1 Rh2+ 64. Kg1 Rg2+ 65.
Kh1 Rh2+ 66. Kg1 {Game drawn by repetition} 1/2-1/2

[Event "ICS rated blitz match"]
[Site "204.178.125.65"]
[Date "1999.10.22"]
[Round "?"]
[White "Talmoves"]
[Black "Hossa"]
[Result "1-0"]
[WhiteElo "2566"]
[BlackElo "2451"]
[PlyCount "48"]
[EventDate "1999.??.??"]

1. e4 e5 2. Nf3 Nc6 3. Bb5 Qf6 4. Nc3 a6 5. Nd5 Qd8 6. Be2 Nge7 7. d4 exd4 8.
O-O b6 9. Bf4 Nxd5 10. exd5 Ne7 11. d6 cxd6 12. Re1 d5 13. Qxd4 Bb7 14. Bd6 h5
15. Bd3 Rh6 16. Bxe7 Qxe7 17. Rxe7+ Kxe7 18. Ng5 Rc6 19. Qxd5 Kd8 20. Bf5 Kc7
21. Qxd7+ Kb8 22. Re1 Rd6 23. Qxf7 Rf6 24. Qd7 24... Rd6 {Hossa resigns} 1-0

[Event "ICS Rated blitz match"]
[Site "204.178.125.65"]
[Date "1999.10.22"]
[Round "?"]
[White "Hossa"]
[Black "Talmoves"]
[Result "0-1"]
[WhiteElo "2440"]
[BlackElo "2577"]
[PlyCount "113"]
[EventDate "1999.??.??"]

1. e4 e5 2. Nf3 Nc6 3. Bb5 a6 4. Ba4 d6 5. c3 Bd7 6. d4 g6 7. Bg5 f6 8. Bh4 Qe7
9. d5 Nd8 10. O-O g5 11. Bg3 b5 12. Bc2 Qf7 13. a4 Rb8 14. axb5 Bxb5 15. Ba4
Bxa4 16. Qxa4+ Qd7 17. Qxd7+ Kxd7 18. b4 h5 19. h4 g4 20. Nfd2 Ne7 21. Rxa6 f5
22. Ra5 f4 23. Bh2 Bh6 24. Nc4 Rg8 25. Kh1 g3 26. fxg3 fxg3 27. Bg1 Rg4 28. Ba7
Rxe4 29. Bxb8 Rxh4+ 30. Kg1 Rxc4 31. Rf6 Be3+ 32. Kf1 Bb6 33. Rb5 Rh4 34. Ke2
Rh2 35. Kf3 Kc8 36. Rxd6 e4+ 37. Kxe4 Rxg2 38. Rxd8+ Kxd8 39. d6 Re2+ 40. Kf3
g2 41. dxe7+ Kxe7 42. Rg5 Rf2+ 43. Ke4 h4 44. Rg6 h3 45. Bxc7 Bxc7 46. Ke3 Bb6+
47. Kd3 h2 48. Rg7+ Kf6 49. Rxg2 Rxg2 50. Kc4 Be3 51. Na3 h1=Q 52. Nc2 Rxc2 53.
Kb3 Qc1 54. Ka4 Rxc3 55. Ka5 Rc6 56. Ka4 Ra6+ 57. Kb3 {Hossa resigns} 0-1

[Event "ICS rated blitz match"]
[Site "204.178.125.65"]
[Date "1999.10.22"]
[Round "?"]
[White "Hossa"]
[Black "Randolf-Raatass"]
[Result "1-0"]
[WhiteElo "2430"]
[BlackElo "2159"]
[PlyCount "44"]
[EventDate "1999.??.??"]

1. e4 Nf6 2. e5 Nd5 3. d4 d6 4. c4 Nb6 5. f4 Bf5 6. Nf3 dxe5 7. fxe5 e6 8. Be2
Nc6 9. O-O Be7 10. Nc3 O-O 11. Bf4 Qd7 12. Qd2 Rad8 13. Rad1 Bg4 14. Be3 Qc8
15. Qc2 Nb4 16. Qb3 c5 17. Bg5 Bxg5 18. Nxg5 Bf5 19. Nce4 Nc6 20. dxc5 Nd7 21.
Nd6 Qb8 22. Nxb7 22... Ndxe5 {Randolf-Raatass resigns} 1-0

[Event "ICS rated blitz match"]
[Site "204.178.125.65"]
[Date "1999.10.22"]
[Round "?"]
[White "lambChop"]
[Black "Hossa"]
[Result "1-0"]
[WhiteElo "2473"]
[BlackElo "2436"]
[PlyCount "111"]
[EventDate "1999.??.??"]

1. d4 e6 2. e4 d5 3. Nc3 Bb4 4. Qg4 Nf6 5. Qxg7 Rg8 6. Qh6 Rg6 7. Qh4 Rg4 8.
Qh6 dxe4 9. Bg5 Nbd7 10. h3 Rxg5 11. Qxg5 c5 12. O-O-O cxd4 13. Rxd4 Bxc3 14.
bxc3 e5 15. Rd2 Qa5 16. Kb2 Nd5 17. Qg8+ Nf8 18. Qg3 Nb6 19. Kc1 Be6 20. Kd1
Bxa2 21. Ke1 Ng6 22. h4 Be6 23. h5 Ne7 24. Be2 Nc4 25. Bxc4 Bxc4 26. Ne2 Kf8
27. Qg5 Bxe2 28. Kxe2 Qa6+ 29. c4 Qxc4+ 30. Ke1 Qe6 31. h6 Qg6 32. Qxe5 f6 33.
Qd6 Qg5 34. g4 e3 35. fxe3 Qxe3+ 36. Re2 Qc3+ 37. Kf2 Re8 38. Rhe1 Qc6 39. Qd4
b6 40. Re6 Qc5 41. Qxc5 bxc5 42. Rxf6+ Kg8 43. c4 Rf8 44. Rxf8+ Kxf8 45. Re5
Nc8 46. Rxc5 Nd6 47. Kf3 a5 48. g5 Kg8 49. Kf4 Kf8 50. Ke5 Ne8 51. Ke6 Kg8 52.
Rxa5 Nc7+ 53. Ke7 Kh8 54. Ra7 Ne8 55. Ra8 Kg8 56. Rxe8# {Hossa checkmated} 1-0

[Event "ICS rated blitz match"]
[Site "204.178.125.65"]
[Date "1999.10.22"]
[Round "?"]
[White "Hossa"]
[Black "hamsi"]
[Result "1-0"]
[WhiteElo "2422"]
[BlackElo "2338"]
[PlyCount "109"]
[EventDate "1999.??.??"]

1. e4 e5 2. Nf3 Nc6 3. Bb5 Nd4 4. Nxd4 exd4 5. O-O Bc5 6. d3 Ne7 7. Qh5 Bb6 8.
Na3 O-O 9. Nc4 Qe8 10. Bf4 f6 11. Qxe8 Rxe8 12. Nxb6 cxb6 13. Bc4+ Kf8 14. Bd6
b5 15. Bxb5 a6 16. Bc4 b5 17. Bd5 Ra7 18. Bb8 Rb7 19. Bxb7 Bxb7 20. Bd6 Kf7 21.
a4 Nc6 22. axb5 axb5 23. f4 Re6 24. Bc7 g6 25. f5 Re8 26. Bd6 g5 27. Ra3 h5 28.
Rb3 Ne5 29. Rxb5 Bc6 30. Rb4 Ra8 31. Rxd4 Ra2 32. Bxe5 fxe5 33. Rb4 Kf6 34. Kf2
h4 35. Kf3 Ra8 36. Kg4 Ra5 37. Rb8 Ra2 38. Rc1 h3 39. Kxh3 Ra4 40. Rg8 Rb4 41.
Rg6+ Kf7 42. b3 Rb8 43. Rh1 Ra8 44. Kg4 Ra2 45. Rc1 Ra8 46. Kxg5 Bb5 47. g4 Rh8
48. h4 d5 49. exd5 Be8 50. Ra1 Kf8 51. Re6 e4 52. Rxe8+ Kxe8 53. Ra8+ Kf7 54.
Rxh8 e3 55. Rh7+ {hamsi resigns} 1-0

[Event "ICS rated blitz match"]
[Site "204.178.125.65"]
[Date "1999.10.22"]
[Round "?"]
[White "Jfreile"]
[Black "Hossa"]
[Result "0-1"]
[WhiteElo "2311"]
[BlackElo "2434"]
[PlyCount "42"]
[EventDate "1999.??.??"]

1. d4 e6 2. c4 Nf6 3. Nc3 d5 4. cxd5 exd5 5. Bf4 c5 6. e3 Nc6 7. Nf3 cxd4 8.
Nxd4 Nxd4 9. Qxd4 a6 10. Rd1 Bg4 11. Rd2 Be7 12. Be5 Be6 13. Be2 Qa5 14. O-O
O-O 15. a3 b6 16. Rfd1 Rac8 17. b4 Qxa3 18. Rb1 Kh8 19. Ra2 Qxc3 20. Qxc3 Rxc3
21. Bxc3 21... d4 {Jfreile resigns} 0-1

[Event "ICS rated blitz match"]
[Site "204.178.125.65"]
[Date "1999.10.22"]
[Round "?"]
[White "toxicavenger"]
[Black "Hossa"]
[Result "0-1"]
[WhiteElo "1550"]
[BlackElo "2445"]
[PlyCount "50"]
[EventDate "1999.??.??"]

1. e4 e5 2. Nf3 Nc6 3. Bb5 a6 4. Ba4 d6 5. O-O Bd7 6. h3 Nf6 7. Nc3 b5 8. Bb3
Be7 9. a3 Nd4 10. Nxd4 exd4 11. Ne2 c5 12. d3 O-O 13. Nf4 Bc6 14. Bd2 d5 15. e5
Ne8 16. Re1 Nc7 17. Ba5 Rc8 18. Qf3 c4 19. Ba2 Qd7 20. Bxc7 Rxc7 21. Qg3 Qf5
22. dxc4 bxc4 23. Rad1 Qxc2 24. Nh5 Qg6 25. Qxg6 25... hxg6 {
toxicavenger resigns} 0-1

[Event "ICS rated blitz match"]
[Site "204.178.125.65"]
[Date "1999.10.22"]
[Round "?"]
[White "Jussupov"]
[Black "Hossa"]
[Result "0-1"]
[WhiteElo "2315"]
[BlackElo "2439"]
[PlyCount "70"]
[EventDate "1999.??.??"]

1. e4 e5 2. Nf3 Nf6 3. Nxe5 d6 4. Nf3 Nxe4 5. d4 d5 6. Bd3 Bd6 7. O-O O-O 8. c4
c6 9. Nc3 Nxc3 10. bxc3 dxc4 11. Bxc4 Bg4 12. Qd3 Nd7 13. h3 Bh5 14. Bb3 Nc5
15. Qd1 Nxb3 16. axb3 Qf6 17. g4 Bg6 18. Re1 Bc2 19. Qe2 Bxb3 20. Rb1 Bc4 21.
Qxc4 Qxf3 22. Qf1 Qxc3 23. Rxb7 Qxd4 24. Bb2 Qf4 25. Qg2 Rab8 26. Qxc6 Qh2+ 27.
Kf1 Qxh3+ 28. Ke2 Rbe8+ 29. Kd2 Qh6+ 30. Re3 Bb4+ 31. Bc3 Qxc6 32. Rxb4 Rxe3
33. fxe3 Rc8 34. Bd4 Qg2+ 35. Kd3 35... Qc2# {Jussupov checkmated} 0-1

[Event "ICS rated blitz match"]
[Site "204.178.125.65"]
[Date "1999.10.22"]
[Round "?"]
[White "Hossa"]
[Black "Panthee"]
[Result "1-0"]
[WhiteElo "2442"]
[BlackElo "2181"]
[PlyCount "43"]
[EventDate "1999.??.??"]

1. e4 c5 2. Nf3 d6 3. d4 cxd4 4. Nxd4 Nf6 5. Nc3 a6 6. Bg5 e6 7. f4 Be7 8. Qf3
Qc7 9. O-O-O Nbd7 10. Qg3 h6 11. Bxf6 Bxf6 12. f5 Ne5 13. fxe6 fxe6 14. Qh3 Qe7
15. Na4 Kf7 16. Nb6 Rb8 17. Be2 Re8 18. Rhf1 Kg8 19. Bg4 Nxg4 20. Qxg4 Bd7 21.
Rxf6 Qxf6 22. Nxd7 {Panthee resigns} 1-0

[Event "ICS rated blitz match"]
[Site "204.178.125.65"]
[Date "1999.10.22"]
[Round "?"]
[White "Panthee"]
[Black "Hossa"]
[Result "0-1"]
[WhiteElo "2175"]
[BlackElo "2448"]
[PlyCount "46"]
[EventDate "1999.??.??"]

1. e4 e5 2. Nf3 Nf6 3. Nc3 Nc6 4. d3 Bb4 5. Bd2 d6 6. g3 Bg4 7. h3 Bxf3 8. Qxf3
d5 9. Bg2 d4 10. Nd5 Bxd2+ 11. Kxd2 Nxd5 12. exd5 Ne7 13. Rae1 f6 14. Qg4 Kf8
15. Qe6 c6 16. f4 exf4 17. d6 Ng6 18. Rhf1 fxg3 19. Be4 Qe8 20. Qg4 Ne5 21.
Qxg3 Qe6 22. Bf5 Qxd6 23. Rxe5 23... Qxe5 {Panthee resigns} 0-1

[Event "ICS rated blitz match"]
[Site "204.178.125.65"]
[Date "1999.10.22"]
[Round "?"]
[White "Hossa"]
[Black "Panthee"]
[Result "1-0"]
[WhiteElo "2454"]
[BlackElo "2169"]
[PlyCount "41"]
[EventDate "1999.??.??"]

1. e4 c5 2. Nf3 d6 3. d4 cxd4 4. Nxd4 Nf6 5. Nc3 a6 6. Bg5 e6 7. f4 b5 8. e5
dxe5 9. fxe5 Qc7 10. exf6 Qe5+ 11. Be2 Qxg5 12. O-O Qe5 13. Bf3 Ra7 14. Ne4 Rd7
15. fxg7 Bxg7 16. c3 Bb7 17. Qe2 Nc6 18. Nxc6 Bxc6 19. Nf6+ Bxf6 20. Qxe5 Bxe5
21. Bxc6 {Panthee resigns} 1-0

[Event "ICS rated bullet match"]
[Site "204.178.125.65"]
[Date "1999.10.22"]
[Round "?"]
[White "Hossa"]
[Black "Thumpster"]
[Result "1-0"]
[WhiteElo "2460"]
[BlackElo "2213"]
[PlyCount "36"]
[EventDate "1999.??.??"]

1. e4 c5 2. Nf3 d6 3. d4 Nf6 4. Nc3 cxd4 5. Nxd4 Nc6 6. Bc4 Bd7 7. Be3 Ng4 8.
Nxc6 bxc6 9. Bg5 Qb6 10. Qd2 Qxb2 11. Rb1 Qa3 12. O-O e6 13. Be2 Nf6 14. Bxf6
gxf6 15. Rb7 Be7 16. Rfb1 Rd8 17. R1b3 Qa5 18. Qh6 18... Qh5 {Thumpster resigns
} 1-0

[Event "ICS rated blitz match"]
[Site "204.178.125.65"]
[Date "1999.10.22"]
[Round "?"]
[White "Hossa"]
[Black "Colorado"]
[Result "1-0"]
[WhiteElo "2459"]
[BlackElo "2573"]
[Annotator "Steffen A. Jakob"]
[PlyCount "82"]
[EventDate "1999.??.??"]

1. e4 e5 2. Nc3 Nf6 3. Nf3 Nc6 4. d4 (4. Nxe5 Nxe5 5. d4 Nc6 (5... Ng6 6. e5
Ng8 7. Bc4 d6 8. Qf3 $18) 6. d5 Nb8 (6... Ne5 7. f4 Ng6 8. e5 Ng8 9. d6 $18) 7.
e5 Ng8 8. d6 $18) 4... exd4 5. Nxd4 Bb4 6. Nxc6 bxc6 7. Qd4 Qe7 8. f3 d5 9. Bg5
c5 10. Bb5+ Kf8 11. Qd3 d4 12. O-O-O Bb7 13. Ne2 h6 14. Bh4 Kg8 15. c3 a6 16.
Bc4 dxc3 17. Nxc3 g5 18. Bg3 Kg7 19. Nd5 Nxd5 20. exd5 Rhe8 21. h4 gxh4 22.
Rxh4 Qg5+ 23. f4 Qg6 24. Qb3 Re4 25. Bf2 Qxg2 26. Rg1 Qxg1+ 27. Bxg1 Re1+ 28.
Kc2 Rxg1 29. a3 Rg2+ 30. Kb1 Rd8 31. axb4 cxb4 32. Qxb4 Rg1+ 33. Ka2 Bxd5 34.
Qc3+ f6 35. Bxd5 Rxd5 36. Rxh6 Rg6 37. Rxg6+ Kxg6 38. Qc2+ Kh6 39. Qxc7 Rf5 40.
b4 Kh5 41. Qd6 41... Kg4 {Colorado resigns} 1-0